Score 0/21 Timer 03:00
0 Plays Today
% Correct
21 Rock
96.7%
Boston Five-O
96%
Sex and the Sun
95.1%
The Fresh Prince of Laguna Beach
94.9%
Malcolm in the Hidden Temple
93.9%
The Dukes of Downton
93.3%
Little House on the Sunset Strip
92.8%
Hell's Got Talent
91.4%
It's Always Sunny in Arcadia
91%
Pee-wee's Island
90.5%
Hollywood, 90210
90.2%
% Correct
Jersey 911!
89%
Hannah Pensacola
88.5%
Don't Trust the B---- in Cincinnati
88%
Walker, Space Ranger
85.8%
They Came from Waverly Place
85%
The King of the Crypt
81.5%
LAPD Blue
79.4%
The Universe's Funniest Home Videos
79%
Bear in a Pizza Place
77.4%
Fat Guy Stuck in Boardwalk
68.5%
Remove Ads.
Support Sporcle.
Get the best of Sporcle when you Go Orange. This ad-free experience offers more features, more stats, and more fun while also helping to support Sporcle. Thank you for becoming a member.

You're not logged in!

Compare scores with friends on all Sporcle quizzes.
OR
Log In

Show Comments

Extras

Top Quizzes Today


Score Distribution

Your Account Isn't Verified!

In order to create a playlist on Sporcle, you need to verify the email address you used during registration. Go to your Sporcle Settings to finish the process.

Report this User

Report this user for behavior that violates our Community Guidelines.

Details: